header

Visions of a new land (Record no. 246657)

MARC details
000 -LEADER
fixed length control field 01359nam a2200313 a 4500
082 04 - DEWEY DECIMAL CLASSIFICATION NUMBER
Classification number 791.43/0947
100 1# - MAIN ENTRY--AUTHOR NAME
Personal name Widdis, Emma,
245 10 - TITLE STATEMENT
Title Visions of a new land
260 ## - PUBLICATION, DISTRIBUTION, ETC. (IMPRINT)
Place of publication New Haven :
Name of publisher Yale University Press,
Year of publication c2003.
300 ## - PHYSICAL DESCRIPTION
Number of Pages xi, 258 p. :
Other physical details ill., maps.
505 0# - FORMATTED CONTENTS NOTE
Formatted contents note Projecting -- Connecting -- Feeling -- Decentring -- Exploring -- Travelling -- Conquest -- Mapped?
650 #0 - SUBJECT ADDED ENTRY--TOPICAL TERM
Topical Term Motion pictures
856 40 - ELECTRONIC LOCATION AND ACCESS
Uniform Resource Identifier http://site.ebrary.com/lib/rucke/Doc?id=10170018

No items available.

© 2026 Rongo University
Contact us: librarian | system librarian | Rongo university